<?xml version="1.0" encoding="UTF-8"?>
<record
    xmlns:xsi="http://www.w3.org/2001/XMLSchema-instance"
    xsi:schemaLocation="http://www.loc.gov/MARC21/slim http://www.loc.gov/standards/marcxml/schema/MARC21slim.xsd"
    xmlns="http://www.loc.gov/MARC21/slim">

  <leader>01164nam a2200229 i 4500</leader>
  <controlfield tag="001">162599</controlfield>
  <controlfield tag="003">ES-MaACL</controlfield>
  <controlfield tag="005">20250719062545.0</controlfield>
  <controlfield tag="008">011024s1895    sp           |||| | spa d</controlfield>
  <datafield tag="110" ind1="2" ind2=" ">
    <subfield code="a">Prisi&#xF3;n Celular de Madrid.</subfield>
    <subfield code="9">134763</subfield>
  </datafield>
  <datafield tag="245" ind1="1" ind2="0">
    <subfield code="a">Memoria reglamentaria de la Prisi&#xF3;n Celular de Madrid correspondiente al a&#xF1;o 1893 / </subfield>
    <subfield code="c">escrita por Fernando Cadalso.</subfield>
  </datafield>
  <datafield tag="260" ind1=" " ind2=" ">
    <subfield code="a">Madrid : </subfield>
    <subfield code="b">[s.n.], </subfield>
    <subfield code="c">1895 (</subfield>
    <subfield code="f">Imp. de Jos&#xE9; G&#xF3;ngora &#xC1;lvarez)</subfield>
  </datafield>
  <datafield tag="300" ind1=" " ind2=" ">
    <subfield code="a">45 p. ; </subfield>
    <subfield code="c">24 cm.</subfield>
  </datafield>
  <datafield tag="610" ind1="2" ind2="4">
    <subfield code="a">Prisi&#xF3;n Celular de Madrid.</subfield>
    <subfield code="9">134763</subfield>
  </datafield>
  <datafield tag="650" ind1=" " ind2="4">
    <subfield code="a">Establecimientos penitenciarios-</subfield>
    <subfield code="z">Madrid.</subfield>
    <subfield code="9">143330</subfield>
  </datafield>
  <datafield tag="700" ind1="1" ind2=" ">
    <subfield code="a">Cadalso, Fernando.</subfield>
    <subfield code="9">33372</subfield>
  </datafield>
  <datafield tag="852" ind1=" " ind2=" ">
    <subfield code="a">ES-MaACL</subfield>
    <subfield code="j">D-91(6)</subfield>
    <subfield code="9">168718 </subfield>
    <subfield code="b">R.FOLL.7/6</subfield>
    <subfield code="d">Olim: 193-C-14</subfield>
    <subfield code="c">SVI</subfield>
    <subfield code="f">Sello en tinta en portada: "Donativo del Sr. Lastres al Ateneo de Madrid. 1907"</subfield>
    <subfield code="x">Encuadernaci&#xF3;n holandesa</subfield>
    <subfield code="x">Encuadernaci&#xF3;n con otras obras formando un volumne facticio</subfield>
    <subfield code="h">Donaci&#xF3;n: Lastres y Juiz </subfield>
    <subfield code="g">Anotaci&#xF3;n manuscrita en portada: "Folletos penitenciarios. T.14"</subfield>
  </datafield>
  <datafield tag="903" ind1=" " ind2=" ">
    <subfield code="a">Lastres y Juiz, Francisco,</subfield>
    <subfield code="d">1848-1918</subfield>
    <subfield code="q">1</subfield>
    <subfield code="e">dnr</subfield>
    <subfield code="9">70504</subfield>
  </datafield>
  <datafield tag="942" ind1=" " ind2=" ">
    <subfield code="2">udc</subfield>
    <subfield code="c">FOLLETOS</subfield>
  </datafield>
  <datafield tag="999" ind1=" " ind2=" ">
    <subfield code="c">162599</subfield>
    <subfield code="d">162599</subfield>
  </datafield>
  <datafield tag="952" ind1=" " ind2=" ">
    <subfield code="0">0</subfield>
    <subfield code="1">0</subfield>
    <subfield code="2">udc</subfield>
    <subfield code="4">0</subfield>
    <subfield code="7">0</subfield>
    <subfield code="8">Colecci&#xF3;n_de_folletos</subfield>
    <subfield code="a">ATENEOM</subfield>
    <subfield code="b">ATENEOM</subfield>
    <subfield code="c">SVI</subfield>
    <subfield code="d">2008-01-17</subfield>
    <subfield code="e">DONACION</subfield>
    <subfield code="l">0</subfield>
    <subfield code="o">D-91(6)</subfield>
    <subfield code="p">901170343</subfield>
    <subfield code="r">2023-02-23 00:00:00</subfield>
    <subfield code="w">2023-02-23</subfield>
    <subfield code="y">FOLLETOS</subfield>
  </datafield>
</record>
